000 02381cam a22005054i 4500
003 PE-LiUPU
005 20250731165451.0
008 150623s r 000 0 d
020 _a0201089904
035 _a(Sirsi) i9780201089905
040 _aPE-LiUPU
_bspa
_cPE-LiUPU
_erda
049 _aPRUA
082 0 4 _a001.43
_bZ93a
_221
100 1 _aZubizarreta, Armando F.,
_eautor.
245 1 3 _aLa aventura del trabajo intelectual :
_bcómo estudiar e investigar /
_cArmando F. Zubizarreta.
264 1 _aWilmington, Delaware :
_bAddison-Wesley Iberoamericana,
_c1986.
300 _a198 páginas :
_bilustraciones, cuadros ;
_c22 centímetros
336 _atext
_2rdacontent
337 _aunmediated
_2rdamedia
338 _avolume
_2rdacarrier
500 _aOtra edición : [1969].
504 _aBibliografía : p. 188.
505 0 _aIntroducción. -Primera parte: el intelectual y su oficio. La vida intelectual. -el proceso de aprendizaje. -las dificultades en el trabajo intelectual. -Segunda parte: Los pasos y los resultados del trabajo académico. La lectura. -los apuntes de clase. -El resumen de un libro. -el informe. -el examen. -La reseña crítica. -El estado de la cuestión. -La monografía o artículo científico. -El ensayo. -Tercera parte: El proceso y la técnica de investigación. La investigación. -La elección del tema. -Las fuentes de información. -El plan de trabajo. -La recolección de datos. -La ordenación y la interpretación de los materiales. -La composición y la redacción. -El texto. -Las ilustraciones. -La presentación formal del T.
526 _aSEG44
526 _aSEG26
526 _aP151
526 _aP150
526 _aP149
526 _aP146
526 _aP145
526 _aP126
526 _aP125
526 _aP92
526 _aP75
526 _aP74
526 _aP27
526 _aP15
650 1 4 _aInvestigación
_xMetodología.
942 _2ddc
_cBK
949 _a001.43
_wDEWEY
_c1
_i44176
_d2016-9-14
_e2016-9-13
_lCCODEBUL1
_mBUL
_n1
_r0
_sY
_tBOOK
_u2015-6-24
_xINGENIERIA
_zUNKNOWN
_0COMPRA
_o.STAFF. Colección General
949 _a001.43 Z89 1986
_wDEWEY
_c2
_i29994
_d2016-9-13
_e2016-9-13
_lCCODEBUL1
_mBUL
_n1
_r0
_sY
_tBOOK
_u2015-6-24
_xINGENIERIA
_zUNKNOWN
_0COMPRA
_o.STAFF. Colección General
980 _81
_gALBERTO SANCHEZ Responsable de Automatización
999 _c21051
_d21051